MARC

LEADER 00000nam0a2200000 4500
001 355679
005 20231102010823.0
035 |a (RuTPU)RU\TPU\retro\12939 
090 |a 355679 
100 |a 20200710d1944 km y0rusy50 ca 
101 0 |a rus 
102 |a RU 
105 |a a j 000zy 
200 1 |a Технология машиностроения   |e учебник для машиностроительных вузов  |f В. М. Кован 
210 |a Москва  |c Государственное научно-техническое издательство машиностроительной литературы  |d 1944 
215 |a 512 с.  |c ил. 
300 |a Подписано к печати 10/XII 1943 г. 
606 1 |a Технология машиностроения  |2 stltpush  |3 (RuTPU)RU\TPU\subj\60151  |9 77640 
610 1 |a коллекция: 1941-1945 гг. 
610 1 |a учебники 
610 1 |a понятия 
610 1 |a определения 
610 1 |a проектирование 
610 1 |a сборка 
610 1 |a машины 
610 1 |a детали машин 
610 1 |a качество 
610 1 |a припуски 
610 1 |a производительность 
610 1 |a режимы резания 
610 1 |a охлаждение 
610 1 |a смазка 
610 1 |a тракторостроение 
675 |a 620.002(075.8)  |v 4 
700 1 |a Кован  |b В. М. 
801 1 |a RU  |b 63413507  |c 20200710 
801 2 |a RU  |b 63413507  |c 20200714  |g RCR 
942 |c BK